00738nam a2200169 a 4500003000200000005001700002008004100019050003000060100001800090245013300108260009000241300004000331504004100371650006700412650005900479650003000538020250602161900.0021119s19uu xx 00 eng d aPHS BR 128.E3b.Sa26 2002 aSantos, Gian. aThe Effects of being converted to Born Again Christians of Roman Catholics in The Jesus First Christian Ministry /cGian Santos. aLas Piñas City, Philippines :bSouthville International School and Colleges,c2002. a29 pages :billustrations ;c28 cm. aIncludes bibliographical references. 2Library of Congress Subject HeadingsaRegeneration (Theology). 2Library of Congress Subject HeadingsaCatholic Church. aConversionxChristianity.